000 00869nas a2200265 4500
001 BR8301358
003 BR-BrBNA
005 20231205085458.0
007 ta
008 230509b bl.|||p| |||| 00| 00por d
040 _aBR-BrBNA
_bpor
_cBiblioteca Nacional de Agricultura
041 _a(Pt)
072 _aF22
100 1 _aKampf, N.
100 1 _aSchwertmann, U.
245 1 _aRelacoes entre oxidos de ferro e a cor em solos cauliniticos do Rio Grande do Sul [Brasil]
246 1 _aRelations between iron oxides and soil colour in kaolinitic soils of southern Brazil
650 _aSOLO
650 _aOXIDO DE FERRO
650 _aCOR
650 _aRIO GRANDE DO SUL
773 0 _tRevista Brasileira de Ciencia do Solo (Brazil)
_xISSN 0100-0683
_g(Jan 1983), v. 7(1) p. 27-31
_wBR8301358
909 _a202311
_bLúcia
_c55
_dLúcia Elande
942 _2AGRIS
_n0
_cANA
999 _c111698
_d111698